A Textbook of The Bangladesh Labour Act 2006 : (Record no. 6535)
[ view plain ]
| 000 -LEADER | |
|---|---|
| fixed length control field | 00644nam a22002297a 4500 |
| 003 - CONTROL NUMBER IDENTIFIER | |
| control field | BUBTL |
| 008 - FIXED-LENGTH DATA ELEMENTS--GENERAL INFORMATION | |
| fixed length control field | 210923b ||||| |||| 00| 0 eng d |
| 020 ## - INTERNATIONAL STANDARD BOOK NUMBER | |
| International Standard Book Number | 984-70215-0023-9 |
| 041 ## - LANGUAGE CODE | |
| Language code of text/sound track or separate title | English |
| 082 ## - DEWEY DECIMAL CLASSIFICATION NUMBER | |
| Classification number | 344.015492 / A52t / 2012 |
| 100 ## - MAIN ENTRY--PERSONAL NAME | |
| Personal name | Ahmed, Zulfiquar |
| 9 (RLIN) | 4555 |
| 245 ## - TITLE STATEMENT | |
| Title | A Textbook of The Bangladesh Labour Act 2006 : |
| Statement of responsibility, etc. | Dr. Zulfiquar Ahmed |
| 250 ## - EDITION STATEMENT | |
| Remainder of edition statement | 4th |
| 260 ## - PUBLICATION, DISTRIBUTION, ETC. (IMPRINT) | |
| Place of publication, distribution, etc. | Dhaka |
| Name of publisher, distributor, etc. | Shams Publications |
| Date of publication, distribution, etc. | c2012 |
| 300 ## - PHYSICAL DESCRIPTION | |
| Extent | 530 p . : |
| Dimensions | ill. ; 22 cm. |
| 526 ## - STUDY PROGRAM INFORMATION NOTE | |
| Program name | Law |
| 650 #0 - SUBJECT ADDED ENTRY--TOPICAL TERM | |
| 9 (RLIN) | 26 |
| Topical term or geographic name as entry element | Law |
| 700 ## - ADDED ENTRY--PERSONAL NAME | |
| Personal name | Dr. Zulfiquar Ahmed |
| 9 (RLIN) | 5626 |
| 856 ## - ELECTRONIC LOCATION AND ACCESS | |
| Password | 0 |
| Logon | 0 |
| Link text | Download |
| 942 ## - ADDED ENTRY ELEMENTS (KOHA) | |
| Source of classification or shelving scheme | |
| Koha item type | Books |
| Withdrawn status | Lost status | Source of classification or shelving scheme | Damaged status | Not for loan | Collection code | Permanent location | Current location | Shelving location | Date acquired | Source of acquisition | Inventory number | Total Checkouts | Full call number | Barcode | Date last seen | Copy number | Price effective from | Koha item type |
|---|---|---|---|---|---|---|---|---|---|---|---|---|---|---|---|---|---|---|
| Not For Loan | Non-fiction | Bangladesh University of Business and Technology Library | Bangladesh University of Business and Technology Library | Law Stacks | 10/10/2012 | Purchase | 14569 | 344.015492 / A52t / 2012 | BUBTL-200314569 | 09/23/2021 | C-1 | 09/23/2021 | Books | |||||
| Not For Loan | Non-fiction | Bangladesh University of Business and Technology Library | Bangladesh University of Business and Technology Library | Law Stacks | 10/10/2012 | Purchase | 14570 | 344.015492 / A52t / 2012 | BUBTL-200314570 | 09/23/2021 | C-2 | 09/23/2021 | Books | |||||
| Non-fiction | Bangladesh University of Business and Technology Library | Bangladesh University of Business and Technology Library | Law Stacks | 10/01/2012 | Purchase | 14571 | 344.015492 / A52t / 2012 | BUBTL-200314571 | 12/28/2023 | C-3 | 12/28/2023 | Books |
